| 000 | 07195nam a22006617a 4500 | ||
|---|---|---|---|
| 005 | 20111216152224.0 | ||
| 010 | _aENG-104377 B-490413-448 | ||
| 020 |
_a9788189923181 _c315.00 |
||
| 035 | _aEN -87910 B-490413-448 | ||
| 037 | _bDBAD/PUB | ||
| 037 | _bPrabhat Prakashan/Ven | ||
| 082 | _a510 | ||
| 100 | _aRajesh Singh | ||
| 245 |
_aNew Light's mathematics for NDA / NA exam / _cby Rajesh Singh |
||
| 250 | _a2nd ed | ||
| 260 |
_aNew Delhi _bNew Light Publishers _c2011 |
||
| 270 |
_aB-8, Rattan Jyoti, 18, Rajendra Place _bNew Delhi _e110008 |
||
| 300 |
_avarious pagings _c27cm(pbk) |
||
| 942 |
_2ddc _cEN _mRAJ _h510 |
||
| 999 |
_c59540 _d59540 |
||